| 000 | 00416nam a22001457a 4500 | ||
|---|---|---|---|
| 005 | 20180723171119.0 | ||
| 020 |
_a8176487228 _c695.00 |
||
| 035 | _aB-216390, B-216389 | ||
| 037 |
_aDPL _bENG |
||
| 100 | _aKhan, J.A. | ||
| 245 |
_aProbing war and warfare / _cby J.A. Khan |
||
| 260 |
_aNew Delhi _bAPH Publishing Corporation _c2005 |
||
| 300 |
_axli, 254p. _c20 cms. |
||
| 942 |
_2ddc _cEN _h355.02 _mKHA |
||
| 999 |
_c67665 _d67665 |
||